000 00530nam a2200181 i 4500
001 42374
003 ES-MaACL
007 t|
008 030313s1953 sp ||||1| spa d
100 1 _aCastresana, Luis de.
_936806
245 1 3 _aLa muerte viaja sola /
_cpor Luis de Castresana.
260 _aMadrid :
_b[s.n.,
_c1953] (
_fOrbe)
300 _a360 p. :
_bil. ;
_c19 cm.
490 1 _aColección la nave ;
_v11
830 0 _aColección la nave ;
_v11
_9229674
852 _aES-MaACL
_jC-6936
_bR.34948
999 _c42374
_d42374